| 000 -LEADER |
| fixed length control field |
01356 a2200229 4500 |
| 003 - CONTROL NUMBER IDENTIFIER |
| control field |
Nust |
| 005 - DATE AND TIME OF LATEST TRANSACTION |
| control field |
20230901100755.0 |
| 010 ## - LIBRARY OF CONGRESS CONTROL NUMBER |
| LC control number |
90036726 |
| 040 ## - CATALOGING SOURCE |
| Transcribing agency |
Nust |
| 082 00 - DEWEY DECIMAL CLASSIFICATION NUMBER |
| Classification number |
621.36,SMI |
| 100 1# - MAIN ENTRY--PERSONAL NAME |
| Personal name |
Smith, Warren J. |
| 9 (RLIN) |
62305 |
| 245 10 - TITLE STATEMENT |
| Title |
Modern optical engineering : (Include CD) |
| Remainder of title |
the design of optical systems / |
| Statement of responsibility, etc. |
Warren J. Smith. |
| 250 ## - EDITION STATEMENT |
| Edition statement |
3rd ed. |
| 260 ## - PUBLICATION, DISTRIBUTION, ETC. |
| Place of publication, distribution, etc. |
New York : |
| Name of publisher, distributor, etc. |
McGraw-Hill, |
| Date of publication, distribution, etc. |
c1990. |
| 300 ## - PHYSICAL DESCRIPTION |
| Extent |
xiii, 524 p. : |
| Other physical details |
ill. ; |
| Dimensions |
24 cm. |
| 505 ## - FORMATTED CONTENTS NOTE |
| Formatted contents note |
General Principles (Page-1), Image Formation (Page-21), Aberrations (Page-61), Prisms And Mirrors (Page- 91), The Eye (Page-125), Stops And Apertures (Page-141), Optical Materials And Interfaces Coatings (Page- 173), Radiometry And Photometry (Page-219), Basic Optical Devices (Page-251), Optical Computation (Page-301), Image Evaluation (Page-347), The Design Of Optical Systems: General (Page-393), The Design Of Optical Systems: Particular (Page 439), Some Forty Four More Lens Designs (Page-503). |
| 650 #0 - SUBJECT ADDED ENTRY--TOPICAL TERM |
| Topical term or geographic name entry element |
Telecommunication Engineering. |
| 856 42 - ELECTRONIC LOCATION AND ACCESS |
| Materials specified |
Contributor biographical information |
| Uniform Resource Identifier |
<a href="http://www.loc.gov/catdir/enhancements/fy0602/90036726-b.html">http://www.loc.gov/catdir/enhancements/fy0602/90036726-b.html</a> |
| 856 42 - ELECTRONIC LOCATION AND ACCESS |
| Materials specified |
Publisher description |
| Uniform Resource Identifier |
<a href="http://www.loc.gov/catdir/enhancements/fy0602/90036726-d.html">http://www.loc.gov/catdir/enhancements/fy0602/90036726-d.html</a> |
| 856 42 - ELECTRONIC LOCATION AND ACCESS |
| Materials specified |
Table of contents only |
| Uniform Resource Identifier |
<a href="http://www.loc.gov/catdir/enhancements/fy0602/90036726-t.html">http://www.loc.gov/catdir/enhancements/fy0602/90036726-t.html</a> |
| 942 ## - ADDED ENTRY ELEMENTS (KOHA) |
| Koha item type |
Reference |
| Source of classification or shelving scheme |
|